Arruíname, pero no me abandones (Record no. 66685)

MARC details
000 -LEADER
campo de control de longitud fija 00850nam a2200265 i 4500
001 - NÚMERO DE CONTROL
campo de control 66685
003 - IDENTIFICADOR DE NÚMERO DE CONTROL
campo de control ES-MaACL
005 - FECHA Y HORA DE LA ÚLTIMA TRANSACCIÓN
campo de control 20240501063034.0
007 - CAMPO FIJO DE DESCRIPCIÓN FÍSICA--INFORMACIÓN GENERAL
campo de control de longitud fija t|
008 - DATOS DE LONGITUD FIJA--INFORMACIÓN GENERAL
campo de control de longitud fija 030407s2003 sp ||||0| spa d
020 ## - NÚMERO INTERNACIONAL ESTÁNDAR DEL LIBRO
Número Internacional Estándar del Libro 84-670-0412-6
040 ## - FUENTE DE CATALOGACIÓN
Centro catalogador/agencia de origen M-BN
Lengua de catalogación spa
Centro/agencia transcriptor M-BN
080 ## - NÚMERO DE LA CLASIFICACIÓN DECIMAL UNIVERSAL
Número de la Clasificación Decimal Universal 929 Otero, Caroline
100 0# - ENTRADA PRINCIPAL--NOMBRE DE PERSONA
Nombre de persona Figuero, Javier,
Fechas asociadas al nombre 1948-
9 (RLIN) 50774
245 10 - MENCIÓN DEL TÍTULO
Título Arruíname, pero no me abandones
Resto del título : la Bella Otero y la Belle Epoque /
Mención de responsabilidad, etc. Javier Figuero, Marie-Hélène Carbonel.
260 ## - PUBLICACIÓN, DISTRIBUCIÓN, ETC.
Lugar de publicación, distribución, etc. Madrid :
Nombre del editor, distribuidor, etc. Espasa Calpe,
Fecha de publicación, distribución, etc. [2003]
300 ## - DESCRIPCIÓN FÍSICA
Extensión 404 p., [16] p. de lám ;
Dimensiones 24 cm.
490 1# - MENCIÓN DE SERIE
Mención de serie Espasa fórum
500 ## - NOTA GENERAL
Nota general Indice.
600 14 - PUNTO DE ACCESO ADICIONAL DE MATERIA--NOMBRE DE PERSONA
Nombre de persona Otero, Caroline-
Subdivisión de forma Biografías.
9 (RLIN) 87880
700 1# - ENTRADA AGREGADA--NOMBRE PERSONAL
Nombre de persona Carbonel, Marie-Hélène.
9 (RLIN) 35031
830 0# - PUNTO DE ACCESO ADICIONAL DE SERIE-TÍTULO UNIFORME
Título uniforme Espasa fórum
9 (RLIN) 179708
852 ## - LOCALIZACIÓN
Ubicación ES-MaACL
Número de control de estantería L-27145
Sublocalización o colección R.132779
Holdings
Estatus retirado Estado de pérdida Estado de daño No para préstamo Biblioteca de origen Biblioteca actual Ubicación en estantería Fecha de adquisición Fuente de adquisición Total de préstamos Signatura topográfica completa Código de barras Visto por última vez Precio de reemplazo Tipo de ítem Koha
        Biblioteca del Ateneo de Madrid Biblioteca del Ateneo de Madrid Depósito 2 17/01/2008     L-27145 1069850 23/02/2023 23/02/2023 Libro impreso